Emotional Factors in Learning
Gespeichert in:
| 1. Verfasser: | |
|---|---|
| Format: | Buch |
| Sprache: | Undetermined |
| Veröffentlicht: |
New York
Columbia University Press
1944
|
| Schlagworte: | |
| Tags: |
Tag hinzufügen
Keine Tags, Fügen Sie den ersten Tag hinzu!
|
| Thư viện lưu trữ: | Trung tâm Học liệu Trường Đại học Cần Thơ |
|---|
| LEADER | 00546nam a2200181Ia 4500 | ||
|---|---|---|---|
| 001 | CTU_90217 | ||
| 008 | 210402s9999 xx 000 0 und d | ||
| 082 | |a 370.15 | ||
| 082 | |b M978 | ||
| 100 | |a Murphy, Lois Barclay | ||
| 245 | 0 | |a Emotional Factors in Learning | |
| 245 | 0 | |c Lois Barclay Murphy, Henry Andrews Ladd | |
| 260 | |a New York | ||
| 260 | |b Columbia University Press | ||
| 260 | |c 1944 | ||
| 650 | |a Learning, psychology of,Educational psychology | ||
| 904 | |i Năm,Hải | ||
| 980 | |a Trung tâm Học liệu Trường Đại học Cần Thơ | ||